Largest Countries Without... Quiz Stats

 Plays Quiz Updated Oct 3, 2018

Score 0/80 Timer 06:00
1 Play Today
Without Country % Correct
...Freedom of the Press?China
92.9%
...Freedom of the Press?Russia
91%
...A President?Canada
85.6%
...A Doctors Without Borders (MSF) Mission?Canada
85.6%
...An Oscar Nomination for Best Foreign Language Film?Australia
81%
...A President?Australia
81%
...A Doctors Without Borders (MSF) Mission?Australia
81%
...A US Embassy?Iran
79.5%
...Freedom of the Press?Iran
79.5%
...A Doctors Without Borders (MSF) Mission?United States of America
73.8%
...A US Embassy?United States of America
70.7%
...A Doctors Without Borders (MSF) Mission?Argentina
70.3%
...Its Own Lonely Planet Travel Guidebook?South Africa
69.5%
...A Population Greater Than 10 Million?Mongolia
68.1%
...An Oscar Nomination for Best Foreign Language Film?Mongolia
68.1%
...A Doctors Without Borders (MSF) Mission?Egypt
68%
...Its Own Lonely Planet Travel Guidebook?Sudan
67.7%
...An Oscar Nomination for Best Foreign Language Film?Sudan
67.7%
...Freedom of the Press?Saudi Arabia
67.5%
...Its Own Lonely Planet Travel Guidebook?Saudi Arabia
67.5%
...An Oscar Nomination for Best Foreign Language Film?Saudi Arabia
67.5%
...A President?Saudi Arabia
67.5%
...A Doctors Without Borders (MSF) Mission?Saudi Arabia
67.5%
...A US Embassy?North Korea
66.4%
...A Population Greater Than 10 Million?Libya
63.7%
...Freedom of the Press?Libya
63.7%
...An Olympic Medal?Libya
63.7%
...An Oscar Nomination for Best Foreign Language Film?Libya
63.7%
...A President?Libya
63.7%
...A Doctors Without Borders (MSF) Mission?Libya
63.7%
...Freedom of the Press?Niger
63.2%
...Its Own Lonely Planet Travel Guidebook?Niger
63.2%
...An Oscar Nomination for Best Foreign Language Film?Niger
63.2%
...An Oscar Nomination for Best Foreign Language Film?Indonesia
61.2%
...Its Own Lonely Planet Travel Guidebook?Chad
60.8%
...An Olympic Medal?Chad
60.8%
...An Oscar Nomination for Best Foreign Language Film?Chad
60.8%
...Freedom of the Press?Democratic Republic of the Congo
60.2%
...Its Own Lonely Planet Travel Guidebook?Democratic Republic of the Congo
60.2%
...An Olympic Medal?Democratic Republic of the Congo
60.2%
Without Country % Correct
...An Oscar Nomination for Best Foreign Language Film?Democratic Republic of the Congo
60.2%
...Freedom of the Press?Kazakhstan
60.1%
...Its Own Lonely Planet Travel Guidebook?Kazakhstan
60.1%
...A Doctors Without Borders (MSF) Mission?Kazakhstan
60.1%
...Freedom of the Press?Algeria
60%
...Its Own Lonely Planet Travel Guidebook?Algeria
60%
...A President?Sweden
55.5%
...A President?Spain
54.4%
...Its Own Lonely Planet Travel Guidebook?Mali
48.8%
...An Olympic Medal?Mali
48.8%
...A President?Denmark (inc. Greenland)
47.3%
...A Doctors Without Borders (MSF) Mission?Denmark (inc. Greenland)
47.3%
...A Population Greater Than 10 Million?Somalia
47%
...A US Embassy?Somalia
47%
...An Olympic Medal?Somalia
47%
...A Population Greater Than 10 Million?Denmark (inc. Greenland)
46.9%
...A US Embassy?Palestine
46%
...A President?Japan
45.3%
...A Doctors Without Borders (MSF) Mission?Angola
43.5%
...Freedom of the Press?Angola
43.5%
...Its Own Lonely Planet Travel Guidebook?Angola
43.5%
...An Olympic Medal?Angola
43.5%
...An Oscar Nomination for Best Foreign Language Film?Angola
43.5%
...A President?Thailand
41.8%
...A Population Greater Than 10 Million?Turkmenistan
40.4%
...A Population Greater Than 10 Million?Central African Republic
40.1%
...An Olympic Medal?Central African Republic
40.1%
...A Population Greater Than 10 Million?Namibia
38.4%
...An Olympic Medal?Mauritania
36.7%
...A Population Greater Than 10 Million?Mauritania
36.7%
...An Olympic Medal?Myanmar
35.5%
...An Olympic Medal?Bolivia
34.7%
...A Population Greater Than 10 Million?Botswana
31.5%
...A President?Papua New Guinea
21.9%
...A Population Greater Than 10 Million?Papua New Guinea
21.9%
...A US Embassy?Taiwan
19.3%
...A US Embassy?Bhutan
15.5%
...A US Embassy?Vanuatu
8.1%
...A US Embassy?Solomon Islands
7.6%
...A US Embassy?Comoros
6%

You're not logged in!

Compare scores with friends on all Sporcle quizzes.
OR
Log In

Show Comments

Extras

Top Quizzes Today


Score Distribution

Your Account Isn't Verified!

In order to create a playlist on Sporcle, you need to verify the email address you used during registration. Go to your Sporcle Settings to finish the process.

Report this User

Report this user for behavior that violates our Community Guidelines.

Details: